[Event "POL-ch Women MOKATE 2020"]
[Site "Ostrow Wielkopolski"]
[Date "2020.08.05"]
[Round "2.4"]
[White "Socko, Monika"]
[Black "Sliwicka, Alicja"]
[Result "1/2-1/2"]
[WhiteElo "2428"]
[BlackElo "2317"]
[Annotator "TA"]
[PlyCount "105"]
[EventDate "2020.08.04"]
[EventType "tourn"]
[EventCountry "POL"]
[SourceTitle "playchess.com"]
[Source "ChessBase"]
[SourceQuality "1"]

{[%evp 23,105,0,0,-8,18,22,31,0,0,0,12,-4,0,0,0,-27,-25,-35,0,7,14,0,-5,-27,0,0,0,0,0,0,0,0,0,0,27,24,40,39,85,80,108,0,0,0,0,0,0,0,0,0,0,0,0,0,0,0,0,0,0,0,0,0,0,0,0,0,0,0,8,0,0,0,0,0,0,0,0,0,0,0,0,0,0,0]} 1. d4 Nf6 2. c4 c5 3. d5 b5 4. cxb5 a6 5. bxa6 g6 6. Nc3 Bg7 7. g3 d6 8. Nf3 O-O 9. Bg2 Nbd7 10. O-O Nb6 11. Re1 Bxa6 12. e4 Nfd7 13. Bf1 {A58: Benko/Volga Gambit: Lines with 5 bxa6.} Nc4 14. Bxc4 Bxc4 15. Qc2 {White is slightly better.} Qa5 16. Bg5 Rfe8 {[#]} (16... Bxc3 $5 17. bxc3 f6 $11) 17. Qd2 $146 ({Predecessor:} 17. Rac1 h6 18. Be3 Kh7 19. b3 Ba6 20. Bd2 Qd8 21. Nd1 e6 22. Ne3 Bb7 23. b4 exd5 24. exd5 {0-1 (57) Grabarczyk,M (2479)-Heberla,B (2487) Krakow 2006}) 17... Rab8 18. Rec1 Qb4 19. Rc2 Ba6 20. Re1 Nb6 {And now ...Nc4 would win.} (20... Bxc3 $5 21. bxc3 Qa4 $11) 21. b3 $1 Nd7 22. Bf4 c4 23. e5 (23. bxc4 {is more complex.} Qxc4 24. Nd1 Qb5 25. Nd4 Qa4 26. Nc6) 23... dxe5 (23... cxb3 {is interesting.} 24. axb3 Rbc8 25. Nd4 Bxe5 26. Nc6 Qxb3 27. Bxe5 Nxe5 28. Nxe5 dxe5 29. Rxe5 e6) 24. Nxe5 Nxe5 25. Bxe5 Bxe5 26. Rxe5 cxb3 27. axb3 Qxb3 28. Rc1 Rbc8 29. Re3 {Strongly threatening d6.} Qa3 30. Rce1 {Hoping for d6!} Red8 {[#]} 31. Ne4 $1 Qa4 {[#]} 32. d6 ({White should play} 32. Ng5 $1 $16 Rd7 33. Rxe7 Rxe7 34. Rxe7) 32... Bb7 $1 $11 {The position is equal.} 33. Qb2 Bxe4 $1 34. Rxe4 {[%mdl 64] Double Attack} Qc2 35. Qxc2 Rxc2 36. dxe7 {[%mdl 4096] Endgame KRR-KRR} Re8 37. h4 f5 38. Re5 Kf7 39. Kg2 Rc7 40. Kf3 (40. Ra5 {looks sharper.} Rcxe7 41. Rb1 Kf6 42. Ra2 Re6 43. Ra7) 40... Rcxe7 41. Kf4 {Threatens to win with Rxe7+.} Rxe5 42. Rxe5 {KR-KR} Ra8 43. Rb5 Ra7 44. h5 Ra2 45. f3 Rh2 46. Rb7+ Kf6 47. Rb6+ Kg7 48. hxg6 hxg6 49. g4 fxg4 50. fxg4 Ra2 51. Rb7+ Kf6 52. g5+ Ke6 53. Rb6+ {Accuracy: White = 92%, Black = 84%.} 1/2-1/2

[Event "POL-ch Women MOKATE 2020"]
[Site "Ostrow Wielkopolski"]
[Date "2020.08.05"]
[Round "2.5"]
[White "Kulon, Klaudia"]
[Black "Antolak, Julia"]
[Result "1-0"]
[WhiteElo "2336"]
[BlackElo "2323"]
[Annotator "RC"]
[PlyCount "117"]
[EventDate "2020.08.04"]
[EventType "tourn"]
[EventCountry "POL"]
[SourceTitle "playchess.com"]
[Source "ChessBase"]
[SourceQuality "1"]
[TimeControl "40/5400+30:1800+30"]

1. d4 {[%emt 0:00:00]} Nf6 {[%emt 0:00:00]} 2. Bg5 {[%emt 0:00:00]} d5 {[%emt 0:00:02]} 3. Bxf6 {[%emt 0:00:00]} gxf6 {[%emt 0:00:27]} 4. e3 {[%emt 0:00:05]} c5 {[%emt 0:02:11]} 5. dxc5 {[%emt 0:00:28]} e6 {[%emt 0:03:47]} 6. Nf3 {[%emt 0:00:35]} Bxc5 {[%emt 0:04:17]} 7. Be2 {[%emt 0:01:15]} Nc6 {[%emt 0:02:03]} 8. O-O {[%emt 0:00:52]} O-O {[%emt 0:05:09]} 9. c4 {[%emt 0:02:15]} d4 {[%emt 0:10:53]} 10. b4 {[%emt 0:05:25]} d3 {[%emt 0:09:16]} 11. bxc5 {[%emt 0:00:25]} dxe2 {[%emt 0:00:05]} 12. Qxe2 {[%emt 0:00:03]} Qe7 {[%emt 0:05:42]} 13. Nc3 {[%emt 0:15:35]} Qxc5 {[%emt 0:03:00]} 14. Rab1 {[%emt 0:00:09]} Qf5 {[%emt 0:08:22]} 15. Rb5 {[%emt 0:16:08]} Qg6 {[%emt 0:01:20]} 16. Nh4 {[%emt 0:02:14]} Qg7 {[%emt 0:00:20]} 17. Rh5 {[%emt 0:01:02]} f5 {[%emt 0:04:58]} 18. Rc1 {[%emt 0:00:40]} Kh8 {[%emt 0:06:05]} 19. Nf3 {[%emt 0:01:00]} f6 {[%emt 0:00:43]} 20. Rd1 {[%emt 0:07:59]} Rg8 {[%emt 0:03:06]} 21. g3 {[%emt 0:02:26]} e5 {[%emt 0:02:13]} 22. Rh4 {[%emt 0:10:05]} f4 {[%emt 0:02:54]} 23. Ne4 {[%emt 0:01:53]} fxg3 {[%emt 0:03:42]} 24. hxg3 {[%emt 0:01:18]} Bf5 {[%emt 0:00:58]} 25. Nd6 {[%emt 0:04:43]} Bg4 {[%emt 0:02:51]} 26. c5 {[%emt 0:03:47]} Be6 {[%emt 0:10:54]} 27. Kg2 {[%emt 0:02:21]} Qe7 {[%emt 0:03:12]} 28. Qc2 {[%emt 0:02:32]} Rg7 {[%emt 0:01:18]} 29. Rh6 {[%emt 0:00:49]} Bg4 {[%emt 0:02:47]} 30. Nf5 {[%emt 0:04:00]} Bxf5 {[%emt 0:00:01]} 31. Qxf5 {[%emt 0:00:01]} Qxc5 {[%emt 0:02:05]} 32. Rdh1 {[%emt 0:01:05]} Qe7 {[%emt 0:00:20]} 33. Rxf6 {[%emt 0:01:25]} Rag8 {[%emt 0:00:53]} 34. Rfh6 {[%emt 0:02:26]} Rf8 {[%emt 0:00:22]} 35. Rxh7+ {[%emt 0:01:42]} Rxh7 {[%emt 0:00:06]} 36. Rxh7+ {[%emt 0:00:02]} Qxh7 {[%emt 0:00:04]} 37. Qxf8+ {[%emt 0:00:02]} Qg8 {[%emt 0:00:05]} 38. Qf6+ {[%emt 0:00:32]} Qg7 {[%emt 0:00:06]} 39. Qe6 {[%emt 0:00:18]} Qe7 {[%emt 0:01:09]} 40. Qxe7 {[%emt 0:00:00]} Nxe7 {[%emt 0:00:00]} 41. Nxe5 {[%emt 0:01:25]} Nd5 {[%emt 0:00:18]} 42. Nf7+ {[%emt 0:01:52]} Kg7 {[%emt 0:00:16]} 43. Nd6 {[%emt 0:00:03]} b6 {[%emt 0:00:23]} 44. Nc8 {[%emt 0:00:09]} a5 {[%emt 0:01:15]} 45. e4 {[%emt 0:02:12]} Nc3 {[%emt 0:01:24]} 46. Nxb6 {[%emt 0:00:23]} Nxa2 {[%emt 0:00:24]} 47. Na4 {[%emt 0:00:20]} Nb4 {[%emt 0:02:33]} 48. f4 {[%emt 0:00:16]} Nd3 {[%emt 0:00:31]} 49. Kf3 {[%emt 0:00:41]} Kf6 {[%emt 0:00:28]} 50. Ke3 {[%emt 0:00:24]} Ne1 {[%emt 0:00:20]} 51. Kd4 {[%emt 0:00:51]} Nc2+ {[%emt 0:00:32]} 52. Kd5 {[%emt 0:02:15]} Ne3+ {[%emt 0:00:40]} 53. Kd6 {[%emt 0:00:06]} Nc4+ {[%emt 0:00:51]} 54. Kd7 {[%emt 0:00:04]} Ne3 {[%emt 0:04:44]} 55. e5+ {[%emt 0:00:15]} Kg7 {[%emt 0:00:32]} 56. e6 {[%emt 0:00:39]} Nd5 {[%emt 0:00:06]} 57. e7 {[%emt 0:00:07]} Nf6+ {[%emt 0:00:03]} 58. Kd8 {[%emt 0:00:03]} Kf7 {[%emt 0:00:06]} 59. g4 {[%emt 0:00:29]} 1-0

[Event "POL-ch Women MOKATE 2020"]
[Site "Ostrow Wielkopolski"]
[Date "2020.08.06"]
[Round "3.1"]
[White "Antolak, Julia"]
[Black "Kucharska, Honorata"]
[Result "1/2-1/2"]
[WhiteElo "2323"]
[BlackElo "2113"]
[Annotator "TA"]
[PlyCount "60"]
[EventDate "2020.08.04"]
[EventType "tourn"]
[EventCountry "POL"]
[SourceTitle "playchess.com"]
[Source "ChessBase"]
[SourceQuality "1"]

{[%evp 29,60,18,14,-3,0,0,0,0,0,0,0,0,0,0,0,0,0,0,7,0,0,0,0,0,19,0,0,0,0,0,0,0,0]} 1. e4 c5 2. Nf3 e6 3. d4 cxd4 4. Nxd4 Nf6 5. Nc3 Nc6 6. Ndb5 Bb4 7. a3 Bxc3+ 8. Nxc3 d5 9. exd5 exd5 10. Bd3 O-O 11. O-O d4 12. Ne4 Bf5 13. Bg5 Bxe4 14. Bxe4 h6 15. Bxf6 Qxf6 {The position is equal.} 16. Bxc6 {B45: Sicilian Four Knights.} bxc6 17. Qd3 c5 18. Rfe1 Rab8 19. b3 Rfe8 {[#]} 20. h3 $146 ({Predecessor:} 20. Re4 Rxe4 21. Qxe4 d3 22. Rd1 dxc2 23. Qxc2 Qe6 24. Qxc5 Qxb3 25. Rc1 Qe6 26. Kf1 {½-½ (26) Gusarov,G (2200)-Ivanov,A (2335) Ekaterinburg 2008}) 20... Re6 21. Re4 Rbe8 22. Rae1 g6 23. a4 a5 24. R1e2 Kg7 25. Rxe6 Rxe6 26. Kf1 Rxe2 27. Qxe2 $11 {KQ-KQ} Qf4 {[#] aiming for ...Qc1+.} 28. Kg1 Qc1+ 29. Kh2 Qf4+ 30. Kg1 Qc1+ {A rather calm draw. Accuracy: White = 100%, Black = 100%.} 1/2-1/2

[Event "POL-ch Women MOKATE 2020"]
[Site "Ostrow Wielkopolski"]
[Date "2020.08.06"]
[Round "3.2"]
[White "Sliwicka, Alicja"]
[Black "Kulon, Klaudia"]
[Result "0-1"]
[WhiteElo "2317"]
[BlackElo "2336"]
[Annotator "TA"]
[PlyCount "86"]
[EventDate "2020.08.04"]
[EventType "tourn"]
[EventCountry "POL"]
[SourceTitle "playchess.com"]
[Source "ChessBase"]
[SourceQuality "1"]

{[%evp 18,86,53,13,12,-18,-14,-33,39,31,91,93,114,108,131,119,77,-19,-6,-12,42,-71,-108,-148,-145,-331,-333,-321,-314,-527,-330,-354,-388,-402,-402,-402,-402,-389,-381,-372,-366,-359,-333,-357,-355,-333,-318,-595,-590,-698,-657,-649,-725,-721,-716,-673,-662,-723,-716,-696,-688,-733,-701,-29986,-29987,-29986,-1887,-29995,-29996,-29997,-2619]} 1. e4 c5 2. Nf3 Nc6 3. d4 cxd4 4. Nxd4 e5 5. Nb5 d6 6. N1c3 a6 7. Na3 b5 8. Nd5 Nge7 9. c4 Nd4 {9...Nxd5 gains popularity.} 10. Nc2 Nxd5 {B32: Sicilian: Löwenthal and Kalashnikov Variations.} 11. Nxd4 {Strongly threatening Nc6.} (11. cxd5 {keeps more tension.} Bg4 12. Qd2 Nxc2+ 13. Qxc2 Rc8 14. Qd2) 11... Nf6 12. Nc2 (12. Nc6 $5 {[%cal Rc6d8]} Qb6 13. cxb5 $15) 12... Bb7 {[#]} ({Much worse is} 12... Nxe4 $6 13. Qd5 $16) ({Black should try} 12... Be7 $15) 13. cxb5 $146 ({Predecessor:} 13. f3 Rc8 14. cxb5 Nxe4 15. fxe4 Qh4+ 16. Ke2 Bxe4 17. Ne3 d5 18. bxa6 Bc5 19. Qa4+ Kd8 20. Qa5+ Ke7 21. Qa4 {0-1 (21) Brazina,D-Holemar,D Horni Becva 1993}) 13... Nxe4 ({Better is} 13... Be7 $14) 14. bxa6 $1 $16 Bxa6 ({Avoid the trap} 14... Qa5+ $2 15. b4 $18) 15. Qd5 Bxf1 {[#]} 16. Qc6+ $1 (16. Kxf1 Nf6 $11) 16... Ke7 17. Kxf1 (17. Qxe4 $16 Bb5 18. a4) 17... f5 $1 $36 {[%mdl 2048] Black has some pressure.} 18. Nb4 Rc8 (18... Rb8 $11 19. a3 Qc8) 19. Qa4 (19. g4 $14 {stays ahead.}) 19... Ke6 20. Be3 d5 {White must now prevent ...Bxb4.} 21. Rd1 $2 {This move loses the game for White.} (21. Qa6+ $17 {might work better.} Bd6 22. f3) 21... Bxb4 $1 $19 22. Qxb4 f4 23. Ba7 $2 (23. Bb6 Qd6 24. Qxd6+ Nxd6 25. b4) 23... Qd6 24. Qa4 Rc4 25. Qxc4 dxc4 {[%cal Rd6d1]} 26. Rxd6+ Nxd6 {[%mdl 4096] Endgame KRB-KRN} (26... Kxd6 $2 27. Ke2 $17) 27. a3 Rc8 28. Ke2 Rc7 29. Bb8 Rb7 $1 {[%csl LRb2,LRb8][%mdl 64] Double Attack} 30. Bxd6 {And now Bb4 would win.} Rxb2+ ({Not} 30... Kxd6 31. Rd1+ Kc5 32. Rd2 $15) 31. Kf3 {Hoping for Bb4.} Kxd6 {KR-KR} 32. Rd1+ $2 (32. g3) 32... Kc5 33. Rd7 c3 34. Ke4 Rxf2 35. Rc7+ Kd6 36. Rxc3 Rxg2 37. h3 Re2+ 38. Kf3 Rd2 39. Rb3 Ke6 {( -> ...Kf5)} 40. Kg4 Rg2+ 41. Kh5 Rg3 (41... Rg6 $142 42. Rb7 f3 43. Rb3 f2 44. Rf3 Rf6 45. Kg4 {[#]} h5+ $1 {[%mdl 512]} 46. Kg3 Rxf3+ 47. Kxf3 f1=Q+ {[%mdl 64] Double Attack} 48. Ke3 Qxh3+ 49. Ke2 e4 50. a4 Qd3+ 51. Kf2 Qf3+ 52. Ke1 e3 53. a5 Qf2+ 54. Kd1 Qd2#) 42. Rb6+ {[#]} Kf5 $1 {[%cal Rg3h3]} 43. h4 Rh3 {Accuracy: White = 44%, Black = 71%.} (43... Rg6 $142 44. Re6 Rxe6 45. a4 Rh6#) 0-1

[Event "POL-ch Women MOKATE 2020"]
[Site "Ostrow Wielkopolski"]
[Date "2020.08.06"]
[Round "3.3"]
[White "Zawadzka, Jolanta"]
[Black "Socko, Monika"]
[Result "0-1"]
[WhiteElo "2419"]
[BlackElo "2428"]
[Annotator "TA"]
[PlyCount "148"]
[EventDate "2020.08.04"]
[EventType "tourn"]
[EventCountry "POL"]
[SourceTitle "playchess.com"]
[Source "ChessBase"]
[SourceQuality "1"]

{[%evp 28,148,-59,-25,-28,-57,-56,-70,-52,-58,-68,-77,-40,-40,-33,-46,-38,-81,-70,-73,-24,-45,-58,-71,-30,-68,-51,-75,-70,-76,-77,-70,-80,-71,-52,-48,-38,-38,-33,-54,-37,-53,0,-41,-24,-51,-42,-72,-55,-50,-37,-55,-49,-107,-98,-86,-47,-120,0,0,16,14,81,68,116,0,17,17,19,0,0,0,0,0,0,0,0,0,20,4,95,118,131,17,39,37,63,0,187,-219,-224,-203,-80,-188,-31,-33,-33,-35,-35,-35,-35,-36,-35,-1000,-836,-1569,-1697,-29971,-29972,-29977,-29975,-29982,-29983,-29986,-29987,-29987,-29986,-29986,-29987,-29987,-29985,-29984,-29985]} 1. e4 Nf6 2. e5 Nd5 3. d4 d6 4. c4 Nb6 5. exd6 cxd6 6. Nc3 g6 7. Be3 Bg7 8. Nf3 O-O 9. Rc1 Bg4 10. b3 Nc6 11. Be2 d5 12. c5 Nc8 13. h3 Bxf3 14. Bxf3 e6 15. O-O $1 N8e7 {B04: Alekhine's Defence: 4 Nf3.} 16. Nb5 Nf5 17. Bg4 $1 a6 {Black is slightly better.} 18. Bxf5 $1 axb5 19. Bb1 {[#]} f5 $146 {White must now prevent ...f4.} ({Predecessor:} 19... Qh4 20. Qd3 Bxd4 21. Bxd4 Qxd4 22. Qxb5 Qb4 23. Qd3 Ra5 24. Qe3 Qd4 25. Qg3 Rxc5 {0-1 (34) Akbari,M (2050)-Darban,M (2334) Urmia 2015}) 20. f4 Qf6 {[%cal Rc6d4]} 21. Qd3 Nxd4 22. Rcd1 {[%cal Re3d4]} Nc6 23. Qxb5 Rf7 24. Rfe1 Re7 25. Bf2 Kh8 26. Qe2 Qc3 $1 27. Rc1 Qb4 28. Qf3 Bb2 29. Rcd1 Bf6 30. Kh1 Rd8 31. Rc1 Rc8 32. Red1 Qa3 33. Rc2 Rd8 34. Be3 Qb4 ({Black should try} 34... Rde8 $15) 35. Rcc1 (35. Bd2 $5 {[%cal Rd2b4]} Qa3 36. Bc1 $15) 35... Qa5 36. Bd2 Qa3 37. Re1 Kg7 38. g4 Kh8 39. gxf5 gxf5 40. Bc3 (40. Rg1 $15) 40... d4 $1 $17 {[%cal Rd4c3]} 41. Bd2 Rg8 42. Qe2 (42. Qf2 $15) 42... Qa8 (42... Rg3 $17 43. Qh5 Reg7) 43. Rg1 $11 Rxg1+ 44. Rxg1 Qc8 (44... Nb8 $11) 45. b4 $1 $16 Qd7 46. Qg2 ({Better is} 46. Bd3 $16) 46... Re8 47. Bd3 $40 {[%mdl 128] White is up to no good.} Ne7 $1 48. Bc4 Ng6 {...Nh4 is the strong threat.} 49. Qf1 Re7 50. Rg3 Qc6+ 51. Qg2 {Black should prevent Qxc6.} Qc7 52. a4 Bg7 53. Qf3 Bf6 (53... Bh6 $11 {keeps the balance.}) 54. a5 Nh4 55. Qf2 ({White should play} 55. Qh5 $16) 55... Qc6+ 56. Kh2 Rg7 57. Rxg7 (57. Qe2 $1 $14 Rxg3 58. Kxg3) 57... Nf3+ $2 (57... Kxg7 $11 58. Kg3 Qa4) 58. Qxf3 $4 {[%mdl 8192]} (58. Kh1 $1 $18 {is the narrow road to win.} Bxg7 59. Qg2) 58... Qxf3 $19 59. Rg2 {[#]} Qc6 (59... Bg7 $1 $19 {[%cal Rg7h6] has better winning chances.} 60. Bxe6 h5) 60. Re2 (60. b5 $17 {was the only chance.} Qxc5 61. Bxe6) 60... Kg7 $2 (60... d3 $19 61. Rxe6 Qf3 62. Re8+ Kg7 63. Rg8+ Kh6) 61. Bxe6 $15 Bh4 {Strongly threatening ...Bf2!} 62. Bxf5 Qf3 63. Rg2+ Kf6 64. Bxh7 Bf2 {Hoping for ...Be3.} 65. Be4 $2 {[%mdl 8192] [#] This costs White the game.} (65. c6 $15 Be3 66. Bxe3 dxe3 67. cxb7 Qxb7 {[%mdl 64] Double Attack} 68. Bd3) 65... Qe2 $1 $19 66. Bc1 Qxe4 67. Rxf2 {[%mdl 4096] Endgame [#] KQ-KRB} Qe1 $1 {[%csl LRb4,LRc1,LRf2][%mdl 576] Double Attack. Black mates.} 68. Ra2 Qxc1 {KQ-KR} 69. a6 bxa6 70. Rxa6+ Kf5 71. Rd6 Qxf4+ 72. Kg2 Qd2+ 73. Kf3 Qc3+ 74. Ke2 Qxb4 {Accuracy: White = 63%, Black = 72%.} 0-1

[Event "POL-ch Women MOKATE 2020"]
[Site "Ostrow Wielkopolski"]
[Date "2020.08.06"]
[Round "3.4"]
[White "Cyfka, Karina"]
[Black "Majdan, Joanna"]
[Result "1/2-1/2"]
[WhiteElo "2411"]
[BlackElo "2325"]
[Annotator "TA"]
[PlyCount "48"]
[EventDate "2020.08.04"]
[EventType "tourn"]
[EventCountry "POL"]
[SourceTitle "playchess.com"]
[Source "ChessBase"]
[SourceQuality "1"]

{[%evp 16,48,22,16,16,28,22,22,49,0,0,0,0,0,0,0,8,5,25,4,10,0,18,0,0,0,0,0,0,0,0,0,0,0,0]} 1. d4 d5 2. c4 e6 3. Nf3 Nf6 4. e3 dxc4 5. Bxc4 c5 6. O-O a6 7. dxc5 Qxd1 8. Rxd1 Bxc5 9. Be2 O-O {D27: Queen's Gambit Accepted: Classical main line: 7 e4!? and 7 a4.} 10. Ne5 Nbd7 11. Nc4 Nd5 12. Nc3 Nxc3 13. bxc3 b5 {[#]} 14. Nb2 $146 ({Predecessor:} 14. Na5 Nb6 15. c4 bxc4 16. Nxc4 Nxc4 17. Bxc4 Bb7 18. Bb2 Rfc8 19. Rac1 Bf8 20. Bb3 Rxc1 21. Rxc1 {½-½ (62) Van Wely,L (2642)-Nakamura,H (2763) Batumi 2018}) 14... Nf6 15. c4 bxc4 16. Nxc4 Bb7 17. Bb2 Bd5 {The position is equal.} 18. Rac1 {[%cal Ba1c1,Bc1c2,Bc2d2][%mdl 32]} Rfc8 19. h3 a5 20. Rc2 Be4 21. Rcd2 Bd5 22. Rc2 Be4 23. Rcd2 Bd5 24. Rc2 Be4 {Accuracy: White = 92%, Black = 94%.} 1/2-1/2

[Event "POL-ch Women MOKATE 2020"]
[Site "Ostrow Wielkopolski"]
[Date "2020.08.06"]
[Round "3.5"]
[White "Kubicka, Anna"]
[Black "Waszczuk, Patrycja"]
[Result "1/2-1/2"]
[WhiteElo "2256"]
[BlackElo "2321"]
[Annotator "TA"]
[PlyCount "110"]
[EventDate "2020.08.04"]
[EventType "tourn"]
[EventCountry "POL"]
[SourceTitle "playchess.com"]
[Source "ChessBase"]
[SourceQuality "1"]

{[%evp 16,110,64,58,62,51,62,40,61,36,60,40,39,10,46,32,71,71,79,46,45,31,54,54,50,63,66,0,0,0,0,0,0,4,36,3,16,0,47,49,44,51,60,56,48,57,47,58,64,66,150,119,117,148,115,45,56,35,55,0,0,0,0,0,0,0,0,0,0,0,0,0,0,0,-12,-17,0,0,0,-11,0,0,0,0,0,0,0,0,0,0,0,0,0,0,0,0,12850]} 1. e4 c5 2. Nf3 e6 3. c4 Nc6 4. Nc3 d6 5. d4 cxd4 6. Nxd4 Nf6 7. Be2 Be7 8. Be3 a6 9. O-O Bd7 {B28: Sicilian: 2 Nf3 a6 (O'Kelly Variation).} 10. Qd2 Rc8 11. f3 Qc7 {White is slightly better.} 12. Rac1 Qb8 13. Rfd1 O-O 14. b3 Rfd8 15. Nc2 Ne5 16. Bb6 Re8 {[#]} 17. a4 $146 (17. f4 $5 {[%cal Rf4e5]} Ng6 18. g3 $16) ({Predecessor:} 17. Bd4 Bc6 18. Ne1 Rcd8 19. Nd3 Ng6 20. Nb4 Qa8 21. Bb6 Rd7 22. Bd4 Red8 23. Bb6 {½-½ (29) Chlpek,D (1742)-Turcan,R (2106) Liptovsky Mikulas 2017}) 17... Bc6 18. Be3 d5 19. exd5 exd5 20. cxd5 Bd7 21. Ne4 ({White should try} 21. Bd4 $14) 21... Nxe4 $11 22. fxe4 Bd6 23. h3 Ng6 24. Bd3 Ne5 25. Ne1 Rxc1 26. Rxc1 Qd8 27. Bb1 $36 {[%mdl 2048] White has good play.} b5 28. axb5 axb5 29. Nd3 Qh4 30. Nxe5 Bxe5 31. Qf2 Qe7 32. Bf4 Qa3 (32... f6 $14) 33. Rf1 $16 f6 34. Bxe5 Rxe5 35. Qg3 (35. Kh2 $16) 35... Qb2 $14 36. Qd3 Rg5 {[%csl Gg5][%cal Rb2g2] [#]} 37. Qc2 ({White should play} 37. Rf2 $14 Qe5 38. Rf3) 37... Qxc2 $11 {The position is equal.} 38. Bxc2 {And now Kf2 would win.} Bxh3 $1 {[%mdl 4096] Endgame KRB-KRB} 39. Rf2 Bd7 40. Bd3 Kf8 41. b4 Ke7 42. Rc2 Rg3 43. Rd2 $1 h5 44. Kf2 h4 45. Be2 Rb3 46. d6+ Kf7 47. Ra2 {[#] Threatens to win with Ra7.} g6 48. Ra7 {Hoping for Bg4.} Ke6 49. Bg4+ f5 50. exf5+ $1 gxf5 51. Bxf5+ Kxf5 52. Rxd7 Rxb4 {KR-KR} 53. Rh7 Ke6 54. d7 Rd4 55. Rxh4 Ke5 $2 {[%mdl 40960] Accuracy: White = 80%, Black = 84%. . An unexpected result.} (55... Rxd7 $11 56. Ke3 Rf7) 1/2-1/2

[Event "POL-ch Women MOKATE 2020"]
[Site "Ostrow Wielkopolski"]
[Date "2020.08.07"]
[Round "4.1"]
[White "Socko, Monika"]
[Black "Cyfka, Karina"]
[Result "1/2-1/2"]
[WhiteElo "2428"]
[BlackElo "2411"]
[Annotator "ChessBase"]
[PlyCount "100"]
[EventDate "2020.08.04"]
[EventType "tourn"]
[EventCountry "POL"]
[SourceTitle "playchess.com"]
[Source "ChessBase"]
[SourceQuality "1"]
[TimeControl "40/5400+30:1800+30"]

1. d4 {[%emt 0:00:00]} Nf6 {[%emt 0:00:00]} 2. c4 {[%emt 0:00:00]} e6 {[%emt 0:00:00]} 3. Nc3 {[%emt 0:00:00]} Bb4 {[%emt 0:00:00]} 4. Nf3 {[%emt 0:00:00]} b6 {[%emt 0:01:02]} 5. Bd2 {[%emt 0:00:09]} Bb7 {[%emt 0:01:19]} 6. g3 {[%emt 0:00:06]} O-O {[%emt 0:03:55]} 7. Bg2 {[%emt 0:00:06]} d6 {[%emt 0:02:12]} 8. O-O {[%emt 0:01:59]} Nbd7 {[%emt 0:01:32]} 9. a3 {[%emt 0:05:51]} Bxc3 {[%emt 0:00:07]} 10. Bxc3 {[%emt 0:00:03]} Ne4 {[%emt 0:06:43]} 11. Be1 {[%emt 0:01:08]} f5 {[%emt 0:02:44]} 12. Qc2 {[%emt 0:03:39]} Qe7 {[%emt 0:08:42]} 13. Rd1 {[%emt 0:01:12]} Ndf6 {[%emt 0:08:23]} 14. d5 {[%emt 0:09:50]} exd5 {[%emt 0:04:22]} 15. Nd4 {[%emt 0:00:04]} g6 {[%emt 0:05:38]} 16. cxd5 {[%emt 0:03:08]} Bxd5 {[%emt 0:06:47]} 17. f3 {[%emt 0:03:06]} Ng5 {[%emt 0:09:31]} 18. h4 {[%emt 0:16:32]} Nf7 {[%emt 0:02:29]} 19. Nb5 {[%emt 0:06:07]} c6 {[%emt 0:05:55]} 20. Nc3 {[%emt 0:05:18]} Be6 {[%emt 0:00:16]} 21. Bf2 {[%emt 0:01:19]} d5 {[%emt 0:02:17]} 22. e4 {[%emt 0:00:06]} Rad8 {[%emt 0:09:40]} 23. exd5 {[%emt 0:06:28]} cxd5 {[%emt 0:03:45]} 24. Rfe1 {[%emt 0:01:32]} Qd7 {[%emt 0:00:54]} 25. Bf1 {[%emt 0:00:47]} Nd6 {[%emt 0:01:12]} 26. Bd4 {[%emt 0:01:20]} Nh5 {[%emt 0:01:14]} 27. Be5 {[%emt 0:09:50]} Nf7 {[%emt 0:01:00]} 28. Bb5 {[%emt 0:00:22]} Qc8 {[%emt 0:00:34]} 29. Qe2 {[%emt 0:03:55]} Nxe5 {[%emt 0:04:21]} 30. Qxe5 {[%emt 0:00:02]} Bf7 {[%emt 0:00:20]} 31. Kg2 {[%emt 0:07:06]} Qc5 {[%emt 0:01:34]} 32. b4 {[%emt 0:04:39]} Qd6 {[%emt 0:00:11]} 33. Qxd6 {[%emt 0:01:32]} Rxd6 {[%emt 0:00:02]} 34. Re7 {[%emt 0:00:06]} d4 {[%emt 0:04:16]} 35. Rxa7 {[%emt 0:04:32]} Rfd8 {[%emt 0:01:19]} 36. Na4 {[%emt 0:00:10]} f4 {[%emt 0:02:04]} 37. g4 {[%emt 0:01:01]} Nf6 {[%emt 0:00:05]} 38. Kf2 {[%emt 0:00:39]} d3 {[%emt 0:01:36]} 39. Rd2 {[%emt 0:00:20]} Bb3 {[%emt 0:00:41]} 40. Nb2 {[%emt 0:00:00]} Bc2 {[%emt 0:00:00]} 41. g5 {[%emt 0:08:59]} Nd5 {[%emt 0:13:59]} 42. Bc4 {[%emt 0:03:14]} Kh8 {[%emt 0:03:58]} 43. Bxd5 {[%emt 0:05:07]} Rxd5 {[%emt 0:00:04]} 44. Re7 {[%emt 0:01:51]} b5 {[%emt 0:03:02]} 45. Re4 {[%emt 0:05:41]} Ra8 {[%emt 0:01:32]} 46. Rxf4 {[%emt 0:01:01]} Rxa3 {[%emt 0:01:42]} 47. Nd1 {[%emt 0:02:19]} Bxd1 {[%emt 0:02:43]} 48. Rxd1 {[%emt 0:00:02]} Ra2+ {[%emt 0:01:27]} 49. Kg3 {[%emt 0:00:03]} Kg7 {[%emt 0:01:38]} 50. Re4 {[%emt 0:00:44]} Kf7 {[%emt 0:01:51]} 1/2-1/2

[Event "POL-ch Women MOKATE 2020"]
[Site "Ostrow Wielkopolski"]
[Date "2020.08.07"]
[Round "4.2"]
[White "Majdan, Joanna"]
[Black "Kubicka, Anna"]
[Result "*"]
[WhiteElo "2325"]
[BlackElo "2256"]
[Annotator "TA"]
[PlyCount "41"]
[EventDate "2020.08.04"]
[EventType "tourn"]
[EventCountry "POL"]
[SourceTitle "playchess.com"]
[Source "ChessBase"]
[SourceQuality "1"]

{[%evp 18,19,36,35]} 1. e4 e5 2. Nf3 Nc6 3. Bb5 a6 4. Ba4 Nf6 5. O-O Be7 6. Re1 b5 7. Bb3 d6 8. c3 O-O 9. h3 Na5 {9...Nb8 gains popularity. Played by Alireza Firouzja in June 2020.} 10. Bc2 $1 {[#]} {Predecessor:} c5 $146 {C97: Closed Ruy Lopez: Chigorin Defence: 11 d4 Qc7, sidelines.} 11. d4 Qc7 12. d5 Nc4 13. a4 Bd7 14. b3 Nb6 15. a5 Nc8 16. c4 b4 17. Nbd2 g6 18. Nf1 Nh5 19. g4 Nf4 20. Bxf4 exf4 21. Qd2 {1-0 (48) Caruana,F (2822)-Naroditsky,D (2621) chess.com INT 2020} *